000 00920nam a22002297a 4500
001 44254
003 BD-RjUL
005 20211209053826.0
008 160716s1974 bg ||||| |||| 00| 0 ben d
020 _c: TK 15.00
035 _a(BD-RjUL)44372
040 _aBD-RjUL
_bben
_cBD-RjUL
041 _aben
082 _223
_a891.4414
_bAHR 1974
100 _aআহসান, সৈয়দ আলী
_9135878
245 1 0 _aরবীন্দ্রনাথ : কাব্য বিচারের ভূমিকা /
_cসৈয়দ আলী আহসান
260 _aঢাকা :
_bআহমদ পাবলিশিং হাউস,
_c১৯৭৪
300 _a[১০], ২৩১ পৃ. ;
_c১৮ সেমি.
600 _aঠাকুর, রবীন্দ্রনাথ,
_d১৮৬১-১৯৪১
_9135883
600 _aTagore, Robindronath,
_d1861-1941
_9135884
942 _2ddc
_cBK
_01
999 _c44254
_d44254